<?xml version="1.0" encoding="UTF-8"?>
<record
    xmlns:xsi="http://www.w3.org/2001/XMLSchema-instance"
    xsi:schemaLocation="http://www.loc.gov/MARC21/slim http://www.loc.gov/standards/marcxml/schema/MARC21slim.xsd"
    xmlns="http://www.loc.gov/MARC21/slim">

  <leader>00979nam a2200229   4500</leader>
  <datafield tag="999" ind1=" " ind2=" ">
    <subfield code="c">8307</subfield>
    <subfield code="d">8307</subfield>
  </datafield>
  <controlfield tag="001">21824</controlfield>
  <controlfield tag="003">BD-DhUAP</controlfield>
  <controlfield tag="005">20230531165840.0</controlfield>
  <controlfield tag="008">230531b2022    bg a|||| |||| 001 0aBen d</controlfield>
  <datafield tag="020" ind1=" " ind2=" ">
    <subfield code="a">9789843503510</subfield>
  </datafield>
  <datafield tag="040" ind1=" " ind2=" ">
    <subfield code="a">BD-DhUAP</subfield>
    <subfield code="b">BEN</subfield>
    <subfield code="c">BD-DhUAP</subfield>
    <subfield code="d">BD-DhUAP</subfield>
  </datafield>
  <datafield tag="082" ind1=" " ind2=" ">
    <subfield code="2">23</subfield>
    <subfield code="a">954.5492 BAN</subfield>
  </datafield>
  <datafield tag="245" ind1=" " ind2=" ">
    <subfield code="a">&#x9AC;&#x9BE;&#x982;&#x9B2;&#x9BE;&#x9A6;&#x9C7;&#x9B6; &#x993; &#x985;&#x9A8;&#x9C1;&#x9AA;&#x9CD;&#x9B0;&#x9C7;&#x9B0;&#x9A3;&#x9BE;&#x9B0; &#x997;&#x9B2;&#x9CD;&#x9AA; = Bangladesh &amp; story of inspiration,</subfield>
    <subfield code="c">&#x987;&#x9A8;&#x9CD;&#x9B8;&#x9AA;&#x9BE;&#x9AF;&#x9BC;&#x9BE;&#x9B0;&#x9BF;&#x982; &#x9AC;&#x9BE;&#x982;&#x9B2;&#x9BE;&#x9A6;&#x9C7;&#x9B6; &#x964;</subfield>
  </datafield>
  <datafield tag="250" ind1=" " ind2=" ">
    <subfield code="a">&#x9AA;&#x9CD;&#x9B0;&#x9A5;&#x9AE; &#x9AA;&#x9CD;&#x9B0;&#x995;&#x9BE;&#x9B6;</subfield>
  </datafield>
  <datafield tag="260" ind1=" " ind2=" ">
    <subfield code="a">&#x9A2;&#x9BE;&#x995;&#x9BE; :</subfield>
    <subfield code="b">&#x987;&#x9A8;&#x9CD;&#x9B8;&#x9AA;&#x9BE;&#x9AF;&#x9BC;&#x9BE;&#x9B0;&#x9BF;&#x982; &#x9AC;&#x9BE;&#x982;&#x9B2;&#x9BE;&#x9A6;&#x9C7;&#x9B6;,</subfield>
    <subfield code="c">&#x9E8;&#x9E6;&#x9E8;&#x9E8;.</subfield>
  </datafield>
  <datafield tag="300" ind1=" " ind2=" ">
    <subfield code="a">&#x9E8;&#x9EA;&#x9E8; &#x9AA;&#x9C3;&#x9B7;&#x9CD;&#x9A0;&#x9BE; :</subfield>
    <subfield code="b">&#x99A;&#x9BF;&#x9A4;&#x9CD;&#x9B0; ;</subfield>
    <subfield code="c">&#x9E8;&#x9E8; &#x9B8;&#x9C7;.&#x9AE;&#x9BF;.</subfield>
  </datafield>
  <datafield tag="504" ind1=" " ind2=" ">
    <subfield code="a">Include  Bibliography.</subfield>
  </datafield>
  <datafield tag="650" ind1=" " ind2=" ">
    <subfield code="a">Politics and government.</subfield>
    <subfield code="z">Bangladesh.</subfield>
  </datafield>
  <datafield tag="650" ind1=" " ind2=" ">
    <subfield code="a">Economic conditions.</subfield>
    <subfield code="z">Bangladesh.</subfield>
  </datafield>
  <datafield tag="700" ind1=" " ind2=" ">
    <subfield code="a">&#x987;&#x9A8;&#x9CD;&#x9B8;&#x9AA;&#x9BE;&#x9AF;&#x9BC;&#x9BE;&#x9B0;&#x9BF;&#x982; &#x9AC;&#x9BE;&#x982;&#x9B2;&#x9BE;&#x9A6;&#x9C7;&#x9B6;,</subfield>
  </datafield>
  <datafield tag="942" ind1=" " ind2=" ">
    <subfield code="2">ddc</subfield>
    <subfield code="c">BK</subfield>
  </datafield>
  <datafield tag="952" ind1=" " ind2=" ">
    <subfield code="0">0</subfield>
    <subfield code="1">0</subfield>
    <subfield code="2">ddc</subfield>
    <subfield code="4">0</subfield>
    <subfield code="7">0</subfield>
    <subfield code="a">UAPCL</subfield>
    <subfield code="b">UAPCL</subfield>
    <subfield code="c">Reference Stacks </subfield>
    <subfield code="d">2023-05-31</subfield>
    <subfield code="o">954.5492 BAN</subfield>
    <subfield code="p">3010021824</subfield>
    <subfield code="r">2023-05-31</subfield>
    <subfield code="t">1</subfield>
    <subfield code="v">0.00</subfield>
    <subfield code="w">2023-05-31</subfield>
    <subfield code="y">REF</subfield>
  </datafield>
</record>
